<?xml version="1.0" encoding="UTF-8"?>
<record
    xmlns:xsi="http://www.w3.org/2001/XMLSchema-instance"
    xsi:schemaLocation="http://www.loc.gov/MARC21/slim http://www.loc.gov/standards/marcxml/schema/MARC21slim.xsd"
    xmlns="http://www.loc.gov/MARC21/slim">

  <leader>00814nam a2200229 a 4500</leader>
  <controlfield tag="001">80979</controlfield>
  <controlfield tag="003">BD-RjUL</controlfield>
  <controlfield tag="005">20221218123426.0</controlfield>
  <controlfield tag="008">221221s1984    ua            000 0 ara d</controlfield>
  <datafield tag="035" ind1=" " ind2=" ">
    <subfield code="a">(BD-RjUL)80979</subfield>
  </datafield>
  <datafield tag="040" ind1=" " ind2=" ">
    <subfield code="a">NNL</subfield>
    <subfield code="b">ara</subfield>
    <subfield code="c">BD-RjUL</subfield>
  </datafield>
  <datafield tag="041" ind1=" " ind2=" ">
    <subfield code="a">urd</subfield>
  </datafield>
  <datafield tag="082" ind1=" " ind2=" ">
    <subfield code="2">23</subfield>
    <subfield code="a">297.74</subfield>
    <subfield code="b">IBT 1984</subfield>
  </datafield>
  <datafield tag="100" ind1="1" ind2=" ">
    <subfield code="a">Ibrahim, Abu Muhammad     &#x627;&#x628;&#x631;&#x627;&#x647;&#x64A;&#x645;, &#x627;&#x628;&#x648; &#x645;&#x62D;&#x645;&#x62F;</subfield>
    <subfield code="9">6344</subfield>
  </datafield>
  <datafield tag="245" ind1="1" ind2="0">
    <subfield code="a"> &#x637;&#x631;&#x64A;&#x642; &#x627;&#x644;&#x646;&#x62C;&#x627;&#x629; &#x641;&#x64A; &#x62A;&#x631;&#x62C;&#x645;&#x647; &#x627;&#x644;&#x635;&#x62D;&#x627;&#x62D; &#x645;&#x646; &#x627;&#x644;&#x645;&#x634;&#x643;&#x648;&#x629;      tariq alnajat fi tarjamih alsihah min almashkuati  /     </subfield>
    <subfield code="c">Abu Muhammad Ibrahim   &#x627;&#x628;&#x648; &#x645;&#x62D;&#x645;&#x62F; &#x627;&#x628;&#x631;&#x627;&#x647;&#x64A;&#x645;</subfield>
  </datafield>
  <datafield tag="250" ind1=" " ind2=" ">
    <subfield code="a">5th ed.</subfield>
  </datafield>
  <datafield tag="260" ind1=" " ind2=" ">
    <subfield code="a">[&#x627;&#x644;&#x642;&#x627;&#x647;&#x631;&#x629;] :</subfield>
    <subfield code="b">&#x62F;&#x627;&#x631; &#x627;&#x644;&#x627;&#x639;&#x62A;&#x635;&#x627;&#x645;&#x60C;</subfield>
    <subfield code="c">[&#x661;&#x669;&#x668;&#x664;].</subfield>
  </datafield>
  <datafield tag="300" ind1=" " ind2=" ">
    <subfield code="a">316 p. ;</subfield>
    <subfield code="c">23 cm</subfield>
  </datafield>
  <datafield tag="650" ind1=" " ind2="4">
    <subfield code="a">Religious life</subfield>
    <subfield code="x">Islam</subfield>
  </datafield>
  <datafield tag="650" ind1=" " ind2="4">
    <subfield code="a">Da&#x2BB;wah (Islam)</subfield>
    <subfield code="9">6345</subfield>
  </datafield>
  <datafield tag="942" ind1=" " ind2=" ">
    <subfield code="2">ddc</subfield>
    <subfield code="c">BK</subfield>
  </datafield>
  <datafield tag="999" ind1=" " ind2=" ">
    <subfield code="c">80979</subfield>
    <subfield code="d">80979</subfield>
  </datafield>
  <datafield tag="952" ind1=" " ind2=" ">
    <subfield code="0">0</subfield>
    <subfield code="1">0</subfield>
    <subfield code="2">ddc</subfield>
    <subfield code="4">0</subfield>
    <subfield code="7">1</subfield>
    <subfield code="8">NFIC</subfield>
    <subfield code="a">RUCL</subfield>
    <subfield code="b">RUCL</subfield>
    <subfield code="c">Reading</subfield>
    <subfield code="d">2022-12-18</subfield>
    <subfield code="e">gift</subfield>
    <subfield code="l">0</subfield>
    <subfield code="o">U 297.74 IBT V-1 1984</subfield>
    <subfield code="r">2022-12-18 00:00:00</subfield>
    <subfield code="t">C-1</subfield>
    <subfield code="w">2022-12-18</subfield>
    <subfield code="y">BK</subfield>
  </datafield>
</record>
